MARC details
| 000 -LEADER |
| fixed length control field |
03773cam a2200865Mi 4500 |
| 001 - CONTROL NUMBER |
| control field |
on1104879782 |
| 003 - CONTROL NUMBER IDENTIFIER |
| control field |
OCoLC |
| 005 - DATE AND TIME OF LATEST TRANSACTION |
| control field |
20200320223133.0 |
| 008 - FIXED-LENGTH DATA ELEMENTS--GENERAL INFORMATION |
| fixed length control field |
190522t20192019caua b 000 1 eng d |
| 010 ## - LIBRARY OF CONGRESS CONTROL NUMBER |
| LC control number |
2018966571 |
| 019 ## - |
| -- |
1105962693 |
| -- |
1108683082 |
| -- |
1113873759 |
| -- |
1120174933 |
| -- |
1125347712 |
| -- |
1134413775 |
| 020 ## - INTERNATIONAL STANDARD BOOK NUMBER |
| International Standard Book Number |
9781368026819 |
| Qualifying information |
(paperback) |
| 020 ## - INTERNATIONAL STANDARD BOOK NUMBER |
| International Standard Book Number |
1368026818 |
| Qualifying information |
(paperback) |
| 020 ## - INTERNATIONAL STANDARD BOOK NUMBER |
| International Standard Book Number |
9781549096877 |
| Qualifying information |
(FollettBound) |
| 020 ## - INTERNATIONAL STANDARD BOOK NUMBER |
| International Standard Book Number |
1549096877 |
| Qualifying information |
(FollettBound) |
| 035 ## - SYSTEM CONTROL NUMBER |
| System control number |
(OCoLC)1104879782 |
| Canceled/invalid control number |
(OCoLC)1105962693 |
| -- |
(OCoLC)1108683082 |
| -- |
(OCoLC)1113873759 |
| -- |
(OCoLC)1120174933 |
| -- |
(OCoLC)1125347712 |
| -- |
(OCoLC)1134413775 |
| 040 ## - CATALOGING SOURCE |
| Original cataloging agency |
CGP |
| Language of cataloging |
eng |
| Description conventions |
rda |
| Transcribing agency |
CGP |
| Modifying agency |
BDX |
| -- |
OCLCO |
| -- |
B@L |
| -- |
OCLCF |
| -- |
IJC |
| -- |
TYV |
| -- |
ANK |
| -- |
HKHPL |
| -- |
WACOL |
| 049 ## - LOCAL HOLDINGS (OCLC) |
| Holding library |
WACL |
| 050 14 - LIBRARY OF CONGRESS CALL NUMBER |
| Classification number |
PZ7.B9137 |
| Item number |
Bes 2019 |
| 082 04 - DEWEY DECIMAL CLASSIFICATION NUMBER |
| Classification number |
[E] |
| Edition number |
23 |
| 092 ## - LOCALLY ASSIGNED DEWEY CALL NUMBER (OCLC) |
| Classification number |
childrens |
| Item number |
Bul |
| 100 1# - MAIN ENTRY--PERSONAL NAME |
| Personal name |
Buller, Laura, |
| Relator term |
author. |
| 9 (RLIN) |
5792344 |
| 245 14 - TITLE STATEMENT |
| Title |
The best tree house ever / |
| Statement of responsibility, etc |
written by Laura Buller ; illustrated by the Ameet Studio Artists. |
| 246 3# - VARYING FORM OF TITLE |
| Title proper/short title |
LEGO Disney Princess. |
| Name of part/section of a work |
The best tree house ever |
| 246 3# - VARYING FORM OF TITLE |
| Title proper/short title |
Disney Princess. |
| Name of part/section of a work |
The best tree house ever |
| 246 3# - VARYING FORM OF TITLE |
| Title proper/short title |
Princess. |
| Name of part/section of a work |
The best tree house ever |
| 246 3# - VARYING FORM OF TITLE |
| Title proper/short title |
Best treehouse ever |
| 250 ## - EDITION STATEMENT |
| Edition statement |
First paperback edition. |
| 264 #1 - Production, Publication, Distribution, Manufacture, and Copyright Notice. |
| Place of production, publication, distribution, manufacture |
Glendale, California : |
| Name of producer, publisher, distributor, manufacturer |
Disney Press, an imprint of Disney Book Group, |
| Date of production, publication, distribution, manufacture, or copyr |
2019. |
| 264 #4 - Production, Publication, Distribution, Manufacture, and Copyright Notice. |
| Date of production, publication, distribution, manufacture, or copyr |
©2019 |
| 300 ## - PHYSICAL DESCRIPTION |
| Extent |
32 pages : |
| Other physical details |
color illustrations ; |
| Dimensions |
23 cm. |
| 336 ## - Content Type |
| Content type term |
text |
| 336 ## - Content Type |
| Content type term |
still image |
| 337 ## - Media type |
| Media type term |
unmediated |
| 338 ## - Carrier type |
| Carrier type term |
volume |
| 490 1# - SERIES STATEMENT |
| Series statement |
World of reading. Level 2 |
| 490 1# - SERIES STATEMENT |
| Series statement |
LEGO Disney Princess |
| 490 1# - SERIES STATEMENT |
| Series statement |
Disney princess |
| 500 ## - GENERAL NOTE |
| General note |
"From a girl's imagination"--Cover. |
| 521 0# - TARGET AUDIENCE NOTE |
| Target audience note |
Kindergarten-Grade 2. |
| 520 ## - SUMMARY, ETC. |
| Summary, etc |
"When Rapunzel tells her friends that she needs some alone time, they decide to build a surprise tree house for her in the garden"--Back cover. |
| 521 ## - TARGET AUDIENCE NOTE |
| Target audience note |
childrens leveled |
| Source |
penworthy |
| 650 #0 - SUBJECT ADDED ENTRY--TOPICAL TERM |
| Topical term or geographic name as entry element |
Tree houses |
| Form subdivision |
Juvenile fiction. |
| 9 (RLIN) |
6018609 |
| 650 #0 - SUBJECT ADDED ENTRY--TOPICAL TERM |
| Topical term or geographic name as entry element |
Princesses |
| Form subdivision |
Juvenile fiction. |
| 9 (RLIN) |
6018610 |
| 650 #0 - SUBJECT ADDED ENTRY--TOPICAL TERM |
| Topical term or geographic name as entry element |
LEGO toys |
| Form subdivision |
Juvenile fiction. |
| 9 (RLIN) |
5686489 |
| 650 #0 - SUBJECT ADDED ENTRY--TOPICAL TERM |
| Topical term or geographic name as entry element |
Friendship in children |
| Form subdivision |
Juvenile fiction. |
| 9 (RLIN) |
5691626 |
| 650 #0 - SUBJECT ADDED ENTRY--TOPICAL TERM |
| Topical term or geographic name as entry element |
Friendship |
| Form subdivision |
Juvenile fiction. |
| 9 (RLIN) |
5673647 |
| 650 #0 - SUBJECT ADDED ENTRY--TOPICAL TERM |
| Topical term or geographic name as entry element |
Disney characters |
| Form subdivision |
Juvenile fiction. |
| 9 (RLIN) |
5695160 |
| 650 #1 - SUBJECT ADDED ENTRY--TOPICAL TERM |
| Topical term or geographic name as entry element |
Tree houses |
| Form subdivision |
Fiction. |
| 9 (RLIN) |
5692374 |
| 650 #1 - SUBJECT ADDED ENTRY--TOPICAL TERM |
| Topical term or geographic name as entry element |
Princesses |
| Form subdivision |
Fiction. |
| 9 (RLIN) |
5673903 |
| 650 #1 - SUBJECT ADDED ENTRY--TOPICAL TERM |
| Topical term or geographic name as entry element |
LEGO toys |
| Form subdivision |
Fiction. |
| 9 (RLIN) |
5708986 |
| 650 #1 - SUBJECT ADDED ENTRY--TOPICAL TERM |
| Topical term or geographic name as entry element |
Friendship |
| Form subdivision |
Fiction. |
| 9 (RLIN) |
5673769 |
| 650 #1 - SUBJECT ADDED ENTRY--TOPICAL TERM |
| Topical term or geographic name as entry element |
Disney characters |
| Form subdivision |
Fiction. |
| 9 (RLIN) |
5697843 |
| 650 #1 - SUBJECT ADDED ENTRY--TOPICAL TERM |
| Topical term or geographic name as entry element |
Readers. |
| 9 (RLIN) |
6018611 |
| 650 #7 - SUBJECT ADDED ENTRY--TOPICAL TERM |
| Topical term or geographic name as entry element |
JUVENILE FICTION / Reader - Beginner. |
| Source of heading or term |
bisacsh |
| 9 (RLIN) |
5719433 |
| 650 #7 - SUBJECT ADDED ENTRY--TOPICAL TERM |
| Topical term or geographic name as entry element |
Disney characters. |
| Source of heading or term |
fast |
| -- |
(OCoLC)fst00895275 |
| 9 (RLIN) |
6018612 |
| 650 #7 - SUBJECT ADDED ENTRY--TOPICAL TERM |
| Topical term or geographic name as entry element |
Friendship in children. |
| Source of heading or term |
fast |
| -- |
(OCoLC)fst00935198 |
| 9 (RLIN) |
6018613 |
| 650 #7 - SUBJECT ADDED ENTRY--TOPICAL TERM |
| Topical term or geographic name as entry element |
LEGO toys. |
| Source of heading or term |
fast |
| -- |
(OCoLC)fst00989704 |
| 9 (RLIN) |
6018614 |
| 650 #7 - SUBJECT ADDED ENTRY--TOPICAL TERM |
| Topical term or geographic name as entry element |
Princesses. |
| Source of heading or term |
fast |
| -- |
(OCoLC)fst01076505 |
| 9 (RLIN) |
6018615 |
| 650 #7 - SUBJECT ADDED ENTRY--TOPICAL TERM |
| Topical term or geographic name as entry element |
Tree houses. |
| Source of heading or term |
fast |
| -- |
(OCoLC)fst01155940 |
| 9 (RLIN) |
6018616 |
| 655 #0 - INDEX TERM--GENRE/FORM |
| Genre/form data or focus term |
Readers (Primary) |
| 9 (RLIN) |
5687782 |
| 655 #7 - INDEX TERM--GENRE/FORM |
| Genre/form data or focus term |
Fiction. |
| Source of term |
fast |
| -- |
(OCoLC)fst01423787 |
| 9 (RLIN) |
5673940 |
| 655 #7 - INDEX TERM--GENRE/FORM |
| Genre/form data or focus term |
Juvenile works. |
| Source of term |
fast |
| -- |
(OCoLC)fst01411637 |
| 9 (RLIN) |
5673941 |
| 655 #7 - INDEX TERM--GENRE/FORM |
| Genre/form data or focus term |
Readers (Publications) |
| Source of term |
fast |
| -- |
(OCoLC)fst01919959 |
| 9 (RLIN) |
5726093 |
| 655 #7 - INDEX TERM--GENRE/FORM |
| Genre/form data or focus term |
Readers (Publications) |
| Source of term |
lcgft |
| 9 (RLIN) |
5726093 |
| 710 2# - ADDED ENTRY--CORPORATE NAME |
| Corporate name or jurisdiction name as entry element |
Ameet Studio (Firm), |
| Relator term |
illustrator. |
| 9 (RLIN) |
5686468 |
| 830 #0 - SERIES ADDED ENTRY--UNIFORM TITLE |
| Uniform title |
World of reading (New York, N.Y.). |
| Number of part/section of a work |
Level 2. |
| 9 (RLIN) |
5700490 |
| 830 #0 - SERIES ADDED ENTRY--UNIFORM TITLE |
| Uniform title |
LEGO Disney princess. |
| 9 (RLIN) |
6018617 |
| 830 #0 - SERIES ADDED ENTRY--UNIFORM TITLE |
| Uniform title |
Disney princess (Disney Press) |
| 9 (RLIN) |
5676119 |
| 938 ## - |
| -- |
Brodart |
| -- |
BROD |
| -- |
123168961 |
| 942 ## - ADDED ENTRY ELEMENTS (KOHA) |
| Koha item type |
BOOK |
| 948 ## - LOCAL PROCESSING INFORMATION (OCLC); SERIES PART DESIGNATOR (RLIN) |
| Series part designator, SPT (RLIN) |
01/28/2020 |
| z (OCLC) |
Sirsi |
| 994 ## - |
| -- |
C0 |
| -- |
WACOL |
| 996 ## - |
| -- |
174571 |
| -- |
34301001603820 |
| -- |
EL |
| -- |
bk |
| -- |
wcl |
| -- |
o |
| -- |
2 |
| -- |
13.96 |
| -- |
penworthy |
| -- |
Bul |
| -- |
01/31/2020 |
| -- |
02/19/2020 |
| -- |
02/20/2020 |